|
|
|
|
| LEADER |
00000nam0a2200000 4500 |
| 001 |
230434 |
| 005 |
20231101231015.0 |
| 035 |
|
|
|a (RuTPU)RU\TPU\book\251284
|
| 090 |
|
|
|a 230434
|
| 100 |
|
|
|a 20130122d1929 k y0rusy50 ca
|
| 101 |
0 |
|
|a rus
|a fre
|
| 102 |
|
|
|a RU
|
| 105 |
|
|
|a y z 001zy
|
| 200 |
1 |
|
|a О результатах ознакомления с коллекциями палеозойских мшанок в некоторых музеях Западной Европы
|e [оттиск статьи]
|f В. П. Нехорошев
|
| 210 |
|
|
|a Ленинград
|c Издание геологического комитета
|d 1929
|
| 215 |
|
|
|a 863- 883 с.
|
| 225 |
1 |
|
|a Известия Геологического Комитета
|v т. 48, № 6
|
| 300 |
|
|
|a Резюме на фр. яз.
|
| 316 |
|
|
|5 63413507: КР-296
|a На с. 863 дарственная надпись : "Глубокоуважаемому Константину Владимировичу Радугину от автора"
|
| 316 |
|
|
|5 63413507: 179906
|a С автографом автора
|
| 317 |
|
|
|5 63413507: КР-296
|a Поступила в НТБ в 2004 г. в составе книжного собрания профессора ТПИ К. В. Радугина.
|
| 317 |
|
|
|5 63413507: 179906
|a Поступила в НТБ в 1940 г. в составе книжного собрания академика М. А. Усова.
|
| 320 |
|
|
|a Список цитируемой литературы: с. 880-881.
|
| 606 |
1 |
|
|a Мшанки ископаемые
|2 stltpush
|3 (RuTPU)RU\TPU\subj\44626
|9 63936
|
| 610 |
1 |
|
|a палеогеология
|
| 610 |
1 |
|
|a палеозойская эра
|
| 610 |
1 |
|
|a стратиграфия
|
| 610 |
1 |
|
|a Алтай
|
| 610 |
1 |
|
|a палеонтологические музеи
|
| 610 |
1 |
|
|a Германия
|
| 610 |
1 |
|
|a Франция
|
| 610 |
1 |
|
|a Англия
|
| 610 |
1 |
|
|a библиотека К. В. Радугина
|
| 610 |
1 |
|
|a дарственная надпись
|
| 610 |
1 |
|
|a дары автора
|
| 610 |
1 |
|
|a библиотека М. А. Усова
|
| 675 |
|
|
|a 564.7
|v 3
|
| 700 |
|
1 |
|a Нехорошев
|b В. П.
|
| 801 |
|
1 |
|a RU
|b 63413507
|c 20130122
|
| 801 |
|
2 |
|a RU
|b 63413507
|c 20190701
|g RCR
|
| 942 |
|
|
|c BK
|